[Event "Groningen Compact op-B"]
[Site "Groningen"]
[Date "2008.12.27"]
[Round "2"]
[White "Van Westerop, Sebastiaan"]
[Black "Voermans, Adri"]
[Result "0-1"]
[WhiteElo "1905"]
[BlackElo "1771"]
[PlyCount "128"]
[EventDate "2008.12.26"]
[EventType "swiss"]
[EventRounds "5"]
[EventCountry "NED"]
[SourceTitle "CBM 127 Extra"]
[Source "ChessBase"]
[SourceDate "2009.01.08"]
[SourceVersion "2"]
[SourceVersionDate "2009.01.28"]
[SourceQuality "1"]

1. Nf3 Nf6 2. e3 Nc6 3. b3 g6 4. Bb2 Bg7 5. Be2 d6 6. 0-0 0-0 7. d3 a5 8. a3 b5 9. Nbd2 Ba6 10. Ra2 b4 11. axb4 axb4 12. Qa1 Bb7 13. Ra4 Rxa4 14. bxa4 Qd7 15. Ne4 Ra8 16. Nxf6+ Bxf6 17. Bxf6 exf6 18. Qxf6 Rxa4 19. Qh4 Qe7 20. Qg3 Qf6 21. d4 Ne7 22. Rb1 Nd5 23. Bd3 Nc3 24. Re1 Bxf3 25. Qxf3 Qxf3 26. gxf3 c5 27. f4 Ra2 28. Rc1 Rb2 29. dxc5 dxc5 30. Kg2 Rb1 31. Rxb1 Nxb1 32. f5 Nd2 33. fxg6 hxg6 34. f4 c4 35. Be2 b3 36. cxb3 cxb3 37. Kh3 b2 38. Bd3 f5 39. Kg3 b1Q 40. Bxb1 Nxb1 41. Kf2 Nd2 42. Ke2 Ne4 43. Kd3 Kg7 44. Kd4 Kf6 45. Kd3 Nf2+ 46. Ke2 Ng4 47. h3 Nh6 48. Kf3 Nf7 49. e4 fxe4+ 50. Kxe4 Nh6 51. Kf3 Kf5 52. Kg3 Ng8 53. Kh4 Nf6 54. Kg3 g5 55. h4 g4 56. Kf2 Nh5 57. Ke3 Nf6 58. Kf2 Kxf4 59. Kg2 Nh5 60. Kh2 Kf3 61. Kh1 Kf2 62. Kh2 g3+ 63. Kh3 g2 64. Kg4 Ng7 0-1